The growth of the mind : (Record no. 29201)
[ view plain ]
| 000 -LEADER | |
|---|---|
| fixed length control field | 01048cam a22003011 4500 |
| 001 - CONTROL NUMBER | |
| control field | 29201 |
| 003 - CONTROL NUMBER IDENTIFIER | |
| rucl marc code | BD-RjUL |
| 005 - DATE AND TIME OF LATEST TRANSACTION | |
| control field | 20211209051402.0 |
| 008 - FIXED-LENGTH DATA ELEMENTS--GENERAL INFORMATION | |
| fixed length control field | 140402r19521942e 001 0 eng d |
| 035 ## - SYSTEM CONTROL NUMBER | |
| System control number | (BD-RjUL)29286 |
| System control number | (OCoLC)1649509 |
| 040 ## - CATALOGING SOURCE | |
| Original cataloging agency | DLC |
| Transcribing agency | WGrU |
| Modifying agency | BD-RjUL |
| Language of cataloging | eng |
| 041 ## - LANGUAGE CODE | |
| Language code of text/sound track or separate title | eng |
| 082 ## - DEWEY DECIMAL CLASSIFICATION NUMBER | |
| Classification number | 136.72 |
| Author mark and year | KOG 1952 |
| 100 1# - MAIN ENTRY--PERSONAL NAME | |
| Personal name | Koffka, Kurt, |
| Dates associated with a name | 1886-1941. |
| 9 (RLIN) | 89136 |
| 245 14 - TITLE STATEMENT | |
| Title | The growth of the mind : |
| Remainder of title | an introduction to child-psychology / |
| Statement of responsibility, etc. | by Kurt Koffka. Translated by Robert Morris Ogden. |
| 260 ## - PUBLICATION, DISTRIBUTION, ETC. (IMPRINT) | |
| Place of publication, distribution, etc. | London : |
| Name of publisher, distributor, etc. | Routledge and Kegan Paul Ltd., |
| Date of publication, distribution, etc. | 1924 [Reprinted 1952].. |
| 300 ## - PHYSICAL DESCRIPTION | |
| Pagination | xix, 426 p. : |
| Illustrations | ill. ; |
| Size | 21 cm. |
| 490 0# - SERIES STATEMENT | |
| Series statement | International library of psychology, philosophy and scientific method, |
| 500 ## - GENERAL NOTE | |
| General note | Translation of Die Grundlagen der Psychischen Entwicklung. |
| 504 ## - BIBLIOGRAPHY, ETC. NOTE | |
| Bibliography, etc | Includes index. |
| 650 #0 - SUBJECT ADDED ENTRY--TOPICAL TERM | |
| Topical term or geographic name as entry element | Learning, Psychology of. |
| 9 (RLIN) | 89137 |
| Topical term or geographic name as entry element | Child psychology. |
| 9 (RLIN) | 3848 |
| 700 ## - ADDED ENTRY--PERSONAL NAME | |
| Personal name | Robert Morris Ogden |
| 942 ## - ADDED ENTRY ELEMENTS (KOHA) | |
| Source of classification or shelving scheme | Dewey Decimal Classification |
| Koha item type | Books |
| Lost status | Source of classification or shelving scheme | Damaged status | Not for loan | Collection code | Permanent Location | Current Location | Shelving location | Date acquired | Source of acquisition | Cost, normal purchase price | Total Checkouts | Full call number | Date last seen | Copy number | Koha item type |
|---|---|---|---|---|---|---|---|---|---|---|---|---|---|---|---|
| Dewey Decimal Classification | Added to bundle | Non-fiction | Central Library, University of Rajshahi | Central Library, University of Rajshahi | Reading Room | 03/02/1955 | B.H.Blackwell | 18.00 | 136.72 KOG 1952 | 02/04/2014 | C-1 | Books |